|
|
|
|
| LEADER |
00000nam a2200000 a 4500 |
| 001 |
vtls011884616 |
| 003 |
SK-MaSNL |
| 005 |
20260301051747.0 |
| 008 |
200612s1881 xo a f 000 0 slo |
| 015 |
|
|
|a SNBHFA1881
|
| 035 |
|
|
|a urn:nbn:sk:snk-am00devt
|
| 035 |
|
|
|a urn:nbn:sk:snk-am3hzvc
|
| 035 |
|
|
|a 8819D6E2-5F18-4674-973F-AE9D022DA15F
|
| 040 |
|
|
|a SNKHF
|b slo
|c SNK
|e AACR2
|
| 041 |
0 |
|
|a slo
|
| 044 |
|
|
|a xo
|c SK
|
| 072 |
|
7 |
|a 783
|x Cirkevná hudba. Duchovná hudba. Náboženská hudba
|2 konspekt
|
| 080 |
|
|
|a 783.6
|2 2011
|
| 130 |
0 |
|
|a Nowá
|9 304741
|
| 245 |
1 |
0 |
|a Nowá nábožná píseň k Pannĕ Marii Hostýnské o uzdrawení malého dĕwčátka a jeho maty
|b Sem, poutníci! pospíchejte [et.]
|
| 260 |
|
|
|a W Skalici
|b u dědičů J. Škarnicla
|c 1881
|
| 300 |
|
|
|a [7] strán
|c 12 cm
|
| 500 |
|
|
|a Ilustrácia na titulnom liste
|
| 650 |
0 |
7 |
|a duchovné piesne
|2 SNKPH
|9 1928
|
| 710 |
0 |
|
|a Škarnicel, Jozef - dedičia (Skalica, Slovensko)
|4 prt
|9 189503
|
| 752 |
|
|
|a Slovensko
|d Skalica
|
| 852 |
|
|
|a snk
|p SE 499/34
|
| 958 |
|
|
|a ONDV
|
| 999 |
|
|
|c 604205
|d 606135
|
| 952 |
|
|
|a SNK
|b SNK
|y PREZ
|7 0
|p 17A0731889
|o snkSE 499/34
|i snk275/34
|0 0
|1 0
|4 0
|d 2019-09-03
|f 1
|l 0
|r 2026-02-23 16:04:22
|w 2026-02-23
|